zpět

Detail výsledku týmu

Harry, Brno

Datum a čas kvízu

22.5 Celkem bodů Celkový počet nahraných bodů na tomto kvízu bez doplňovacích otázek.
9. Pořadí na kvízu Konečné umístění týmu na tomto kvízu.

Zaznamenané odpovědi

# Otázka Odpověď Body Výsledky
1. Na okraji Českého ráje začala... vrtulník 1
2. Ve které evropské zemi došlo v... v Německu 0
3. V pátek byl v jednom českém kr... Ji.hlava 0
4. Počátkem týdne jsme se dozvědě... v Dánsku 0
5. Kterému zimnímu sportu se věnu... biatlonu 0
6. Dnešní zeměpisné téma otevírám... Golčův Jeníkov, Gmünd 0
7. Které z následujících tvrzení... B 1
8. V další otázce bude vaším úkol... 1C 2B 3A 4D 0
9. Napište název města obsahující... Nagasaki 1
10. V této koláži jsou spojené vla... Gruzie, Guatemala 0.5